00335nam a2200133Ia 4500008004100000020001500041041001200056100001200068245005800080250000800138260003900146300000800185650000800193221030s9999 xx 000 0 und d a8177584111 aEnglish aW. Wolf 0aModern VLSI Design System-on -Chip Designcby W. Wolf a3rd bPearson EducationaNew Delhic2008 a622 aECE